| 000 | 00676cam a22002293a 4500 | ||
|---|---|---|---|
| 001 | 29010 | ||
| 003 | PGUSA | ||
| 005 | 20140828083628.0 | ||
| 008 | 090531s2009||||xxu|||||s|||||000 | eng d | ||
| 040 |
_aPGUSA _beng |
||
| 042 | _adc | ||
| 050 | 4 | _aBL | |
| 100 | 1 |
_aPetrie, W. M. Flinders _q(William Matthew Flinders), _d1853-1942 |
|
| 245 | 1 | 4 |
_aThe Religion of Ancient Egypt _h[electronic resource] / _cW. M. Flinders Petrie |
| 260 |
_bProject Gutenberg, _c2009 |
||
| 506 | _aPublic domain in the USA. | ||
| 516 | _aElectronic text | ||
| 653 | _aEgypt -- Religion | ||
| 830 | 0 |
_aProject Gutenberg _v29010 |
|
| 856 | 4 | 0 | _uhttp://www.gutenberg.org/ebooks/29010 |
| 942 | _cEB | ||
| 999 |
_c258265 _d258265 |
||